Avances en Psicoterapia psicoanalítica: hacia una técnica de intervenciones específicas
Na minha lista:
| Autor Corporativo: | |
|---|---|
| Formato: | Livro |
| Idioma: | espanhol |
| Publicado em: |
Buenos Aires
Paidós
2005
|
| Edição: | 1a. ed |
| Colecção: | Psicología Psiquiatría Psicoterapia, 168
|
| Assuntos: | |
| Tags: |
Adicionar Tag
Sem tags, seja o primeiro a adicionar uma tag!
|
MARC
| LEADER | 00000cam a2200000 a 4500 | ||
|---|---|---|---|
| 001 | UCC6966 | ||
| 003 | CL-VaPUC | ||
| 008 | 190125e20050000ag |||||||||||||||||spa|d | ||
| 020 | |a 9501231682 | ||
| 082 | 0 | 4 | |a 150.195 |b BLE |2 21 |
| 110 | 2 | |a Bleichmar, Hugo |e author |9 601493 | |
| 245 | 1 | 0 | |a Avances en Psicoterapia psicoanalítica: hacia una técnica de intervenciones específicas |
| 250 | |a 1a. ed | ||
| 300 | |a 408 p | ||
| 942 | |c BK | ||
| 945 | |d 20190125 15:54:00 |a dcastane | ||
| 260 | |a Buenos Aires |b Paidós |c 2005 | ||
| 650 | 0 | |a Psicoanálisis |9 265702 | |
| 650 | 7 | |a PSICOTERAPIA |2 CL-VaPUC |9 601494 | |
| 583 | |a last modification |c 20190125 15:54:00 |k Rodrigo Vera | ||
| 490 | 0 | |a Psicología Psiquiatría Psicoterapia, 168 | |
| 999 | |c 373780 |d 373778 | ||
| 952 | |0 0 |1 0 |3 erb |4 0 |6 150_195000000000000_BLE_2005 |7 0 |8 C |9 492009 |a BIBCUR |b BIBCUR |i 5531454 |o 150.195 BLE 2005 |p 5531454 |r 2025-04-22 |w 2019-11-24 |y BK |z Catalogado en:20190125 |k CAC | ||